[Event "32nd ECC Open 2016"]
[Site "Novi Sad SRB"]
[Date "2016.11.08"]
[Round "3.19"]
[Board "5"]
[White "Nelis, Jean-Francois"]
[Black "Velickovic, Sasa"]
[Result "0-1"]
[BlackTitle "IM"]
[WhiteElo "2158"]
[BlackElo "2312"]
[WhiteTeam "Cercle d'Echecs Monte-Carlo"]
[BlackTeam "Crvena Zvezda"]
[WhiteFideId "623830"]
[BlackFideId "900869"]
[EventDate "2016.11.06"]

1. d4 Nf6 2. Nf3 g6 3. Nc3 d5 4. Bf4 Bg7 5. Qd2 h6 6. h4 c6 7. Ne5 Be6 8. f3
Nbd7 9. g4 Nb6 10. e3 Nfd7 11. Nxd7 Qxd7 12. O-O-O h5 13. g5 O-O 14. Bd3 Rfc8
15. Qh2 c5 16. Be5 Bxe5 17. Qxe5 c4 18. Be2 Na4 19. e4 Nxc3 20. bxc3 Rc6 21.
Rhg1 Ra6 22. f4 Rxa2 23. Kd2 dxe4 24. Rc1 Qd5 0-1

[Event "32nd ECC Open 2016"]
[Site "Novi Sad SRB"]
[Date "2016.11.08"]
[Round "3.19"]
[Board "6"]
[White "Vujacic, Borivoje"]
[Black "Rapaire, Jean-michel"]
[Result "1-0"]
[WhiteTitle "FM"]
[WhiteElo "2240"]
[BlackElo "1779"]
[WhiteTeam "Crvena Zvezda"]
[BlackTeam "Cercle d'Echecs Monte-Carlo"]
[WhiteFideId "903000"]
[BlackFideId "5400023"]
[EventDate "2016.11.06"]

1. e4 d5 2. exd5 Qxd5 3. Nc3 Qa5 4. d4 c6 5. Nf3 Nf6 6. Bc4 Bf5 7. Bd2 e6 8. Qe2
Nbd7 9. O-O-O Qc7 10. Ne5 Bd6 11. g4 Bg6 12. Rhe1 Bxe5 13. dxe5 Nd5 14. f4 N7b6
15. f5 exf5 16. Bxd5 Nxd5 17. Nxd5 cxd5 18. Bb4 Qc4 19. Qxc4 dxc4 20. e6 f6 21.
Rd7 b6 22. Re7+ Kd8 23. Rd1+ Kc8 24. Rdd7 Re8 25. Rc7+ Kb8 26. Rb7+ Kc8 27.
Rec7+ Kd8 28. e7+ 1-0

[Event "32nd ECC Open 2016"]
[Site "Novi Sad SRB"]
[Date "2016.11.08"]
[Round "3.20"]
[Board "1"]
[White "Dambacher, Martijn"]
[Black "Heinzel, Olaf"]
[Result "1/2-1/2"]
[WhiteTitle "GM"]
[BlackTitle "IM"]
[WhiteElo "2479"]
[BlackElo "2358"]
[WhiteTeam "KSK47 Eynatten"]
[BlackTeam "Gambit Bonnevoie"]
[WhiteFideId "1005030"]
[BlackFideId "4626664"]
[EventDate "2016.11.06"]

1. d4 d5 2. c4 dxc4 3. e4 e5 4. Nf3 exd4 5. Bxc4 Bb4+ 6. Nbd2 Nc6 7. O-O Bg4 8.
Qb3 Qd7 9. Bd5 Bxd2 10. Bxd2 Bxf3 11. Qxb7 Nd8 12. Qxa8 Bxg2 13. Rfc1 Ne7 14.
Kxg2 Qg4+ 15. Kf1 d3 16. e5 Qe2+ 17. Kg1 Qxd2 18. Rxc7 O-O 19. Rxe7 Qg5+ 20. Bg2
Qxe7 21. Qd5 Ne6 22. Qxd3 Nf4 23. Qf5 Qh4 24. h3 h5 25. Rd1 g6 26. Qf6 Nxh3+ 27.
Bxh3 Qxh3 28. Rd8 Qg4+ 29. Kh2 Rxd8 30. Qxd8+ Kg7 31. Qf6+ Kg8 32. Qd8+ Kg7 33.
Qf6+ Kg8 34. Qd8+ 1/2-1/2

[Event "32nd ECC Open 2016"]
[Site "Novi Sad SRB"]
[Date "2016.11.08"]
[Round "3.20"]
[Board "2"]
[White "Rusev, Rosen Yordanov"]
[Black "Swinkels, Robin"]
[Result "1-0"]
[WhiteTitle "FM"]
[BlackTitle "GM"]
[WhiteElo "2364"]
[BlackElo "2480"]
[WhiteTeam "Gambit Bonnevoie"]
[BlackTeam "KSK47 Eynatten"]
[WhiteFideId "2904187"]
[BlackFideId "1010824"]
[EventDate "2016.11.06"]

1. d4 d5 2. c4 c6 3. cxd5 cxd5 4. Bf4 Nc6 5. Nc3 e5 6. dxe5 d4 7. Ne4 Qa5+ 8.
Nd2 Nge7 9. Nf3 Bg4 10. a3 Ng6 11. g3 Ncxe5 12. b4 Qd5 13. Bxe5 Nxe5 14. Bg2 Be7
15. O-O O-O 16. Nxe5 Qxe5 17. Bxb7 d3 18. Nf3 Qb5 19. Bxa8 dxe2 20. Qd5 exf1=Q+
21. Rxf1 Qa6 22. Ne5 Be6 23. Qf3 Bf6 24. Re1 Qd6 25. Nd3 Bd4 26. Be4 g6 27. Nf4
Bc4 28. Bd5 Bb5 29. Rd1 Qe5 30. Nd3 Qg7 31. Qe4 Re8 32. Qf3 Re7 33. Re1 Rxe1+
34. Nxe1 Qf8 35. Nc2 Be5 36. Ne3 Qe7 37. Bb3 Kg7 38. Qg4 Qf6 39. Nd5 Qc6 40. Qd1
Bc4 41. Bxc4 Qxc4 42. Ne3 Qc3 43. Qf3 Kg8 44. Qa8+ Kg7 45. Qf3 Kg8 46. Qe4 Bd4
47. Kg2 Qb2 48. h4 h5 49. Qd3 Kg7 50. Nc2 Bf6 51. a4 Qa2 52. a5 Be7 53. a6 Bf6
54. b5 Qb2 55. Qc4 Be5 56. Nb4 Bd4 57. Nd3 Qa1 58. Qb3 Qa5 59. Qd5 Qc3 60. Qe4
Qa1 61. Nf4 Qb2 62. Ne2 Bb6 63. Qc4 Kg8 64. Qc8+ Kh7 65. Qe8 Kg7 66. f4 Qc2 67.
Qe5+ Kg8 68. f5 gxf5 69. Qe8+ Kg7 70. Qe5+ Kg8 71. Qe7 Qb2 72. Qe8+ Kg7 73. Kh3
Qa1 74. Kh2 Qb2 75. Kh3 Qa1 76. Qc6 Qf1+ 77. Qg2 Qb1 78. Qd5 Qf1+ 79. Qg2 Qb1
80. Nf4 Qxb5 81. Nxh5+ Kh7 82. Qf3 Qb1 83. Nf4 Kg8 84. Nd5 Bc5 85. h5 Kh7 86.
Nf6+ Kg7 87. Nd5 Kh7 88. Nc3 Qc2 89. Ne2 Qb1 90. Nf4 Bd6 91. Nd3 Qb5 92. Kg2 Kg7
93. Qe3 Kh7 94. Qf3 Kg7 95. Kh3 Qxa6 96. Qxf5 Qc4 97. Qg5+ Kh7 98. Qf5+ Kg7 99.
h6+ Kxh6 100. Qf6+ Kh7 101. Qxd6 Qe4 102. Nf4 f5 103. Qg6+ Kh8 104. Qf6+ Kg8
105. Kh4 a5 106. Qd8+ Kh7 107. Qc7+ Kh6 108. Qb6+ Kg7 109. Qxa5 Qh1+ 110. Kg5
Qf3 111. Nh5+ Kg8 112. Qd8+ Kf7 113. Qd7+ 1-0

[Event "32nd ECC Open 2016"]
[Site "Novi Sad SRB"]
[Date "2016.11.08"]
[Round "3.20"]
[Board "3"]
[White "Zelbel, Patrick"]
[Black "Dishman, Stephen"]
[Result "1/2-1/2"]
[WhiteTitle "IM"]
[WhiteElo "2457"]
[BlackElo "2330"]
[WhiteTeam "KSK47 Eynatten"]
[BlackTeam "Gambit Bonnevoie"]
[WhiteFideId "24624322"]
[BlackFideId "403024"]
[EventDate "2016.11.06"]

1. e4 c6 2. Nc3 d5 3. Nf3 Bg4 4. h3 Bxf3 5. Qxf3 e6 6. d3 Nd7 7. Bd2 g6 8. g4
Bg7 9. Qg3 Qb6 10. O-O-O Ne7 11. h4 O-O-O 12. h5 Rhg8 13. hxg6 hxg6 14. Be2 Nc5
15. e5 d4 16. Ne4 Nxe4 17. dxe4 c5 18. Bg5 Qc7 19. f4 Rd7 20. Qa3 a6 21. Rh7 Kb8
22. Qh3 Qc8 23. Bf6 Bxf6 24. exf6 Nc6 25. e5 Qc7 26. Rh8 Rxh8 27. Qxh8+ Rd8 28.
Qg7 Nb4 29. Bc4 Nd5 30. Bxd5 Rxd5 31. Qf8+ Rd8 32. Qe7 Qxe7 33. fxe7 Re8 34. c3
Rxe7 1/2-1/2

[Event "32nd ECC Open 2016"]
[Site "Novi Sad SRB"]
[Date "2016.11.08"]
[Round "3.20"]
[Board "4"]
[White "Filipovic, Slobodan J"]
[Black "Koch, Thomas1"]
[Result "0-1"]
[BlackTitle "IM"]
[WhiteElo "2263"]
[BlackElo "2472"]
[WhiteTeam "Gambit Bonnevoie"]
[BlackTeam "KSK47 Eynatten"]
[WhiteFideId "939633"]
[BlackFideId "4600533"]
[EventDate "2016.11.06"]

1. e4 c5 2. Nf3 d6 3. d4 cxd4 4. Nxd4 Nf6 5. Nc3 a6 6. g3 e6 7. Bg2 Be7 8. O-O
O-O 9. a4 Bd7 10. Be3 Nc6 11. Nb3 Ne5 12. Qe2 Qc7 13. Rad1 Rab8 14. Ba7 Rbc8 15.
Be3 Nc4 16. Bc1 b5 17. axb5 axb5 18. Nd4 b4 19. Nb1 Qa7 20. b3 Ne5 21. Be3 Qb8
22. h3 Nc6 23. Nb5 Na5 24. Na7 Rc7 25. Qa6 Nb7 26. Qb6 Nc5 27. Bxc5 dxc5 28.
Qxb8 Rxb8 29. e5 Nd5 30. c4 bxc3 0-1

[Event "32nd ECC Open 2016"]
[Site "Novi Sad SRB"]
[Date "2016.11.08"]
[Round "3.20"]
[Board "5"]
[White "Hammes, Michael"]
[Black "Visintin, Roberto"]
[Result "1-0"]
[WhiteTitle "IM"]
[WhiteElo "2332"]
[BlackElo "2058"]
[WhiteTeam "KSK47 Eynatten"]
[BlackTeam "Gambit Bonnevoie"]
[WhiteFideId "4619358"]
[BlackFideId "807613"]
[EventDate "2016.11.06"]

1. d4 Nf6 2. Nf3 e6 3. c4 d5 4. Nc3 Be7 5. Bg5 Nbd7 6. e3 c6 7. cxd5 exd5 8. Qc2
Nh5 9. Bxe7 Qxe7 10. O-O-O Nb6 11. h3 Be6 12. Kb1 O-O-O 13. Bd3 Kb8 14. Rc1 Nf6
15. Nd2 h5 16. Na4 Nxa4 17. Qxa4 Nd7 18. Rc3 Nb6 19. Qa5 Qf6 20. Ra3 Nc8 21. Nf3
Bf5 22. Ne5 Bxd3+ 23. Nxd3 Qe7 24. Rc1 Qc7 25. Qa4 a6 26. Rb3 Ka7 27. Nc5 Nb6
28. Qa5 Rc8 29. Qb4 Rb8 30. Ra3 Nc4 31. Rxc4 dxc4 32. Qxc4 a5 33. b4 Ra8 34.
bxa5 Qh2 35. Qxf7 Rab8 36. Rb3 1-0

[Event "32nd ECC Open 2016"]
[Site "Novi Sad SRB"]
[Date "2016.11.08"]
[Round "3.20"]
[Board "6"]
[White "Stern, Geoffrey"]
[Black "Stillger, Bernhard"]
[Result "1/2-1/2"]
[BlackTitle "FM"]
[WhiteElo "1921"]
[BlackElo "2255"]
[WhiteTeam "Gambit Bonnevoie"]
[BlackTeam "KSK47 Eynatten"]
[WhiteFideId "4002679"]
[BlackFideId "4610768"]
[EventDate "2016.11.06"]

1. d4 g6 2. Nc3 Bg7 3. e4 c6 4. g3 d5 5. Nge2 Nf6 6. e5 Nfd7 7. Bg2 e6 8. O-O
O-O 9. Be3 c5 10. f4 cxd4 11. Nxd4 Nb6 12. b3 Nc6 13. Qd2 Bd7 14. a4 Nc8 15. Kh1
N8e7 16. Nce2 a6 17. Rac1 Rc8 18. g4 Qa5 19. Qd3 Nb4 20. Qd2 Nbc6 21. Qd3 Nb4
22. Qd2 Nbc6 1/2-1/2

[Event "32nd ECC Open 2016"]
[Site "Novi Sad SRB"]
[Date "2016.11.08"]
[Round "3.21"]
[Board "1"]
[White "Ragger, Markus"]
[Black "Sreeves, Clement"]
[Result "1/2-1/2"]
[WhiteTitle "GM"]
[BlackTitle "FM"]
[WhiteElo "2694"]
[BlackElo "2356"]
[WhiteTeam "SC MPO Maria Saal"]
[BlackTeam "Edinburgh Chess Club"]
[WhiteFideId "1610856"]
[BlackFideId "2402564"]
[EventDate "2016.11.06"]

1. d4 Nf6 2. c4 g6 3. Nc3 d5 4. cxd5 Nxd5 5. e4 Nxc3 6. bxc3 Bg7 7. Nf3 c5 8.
Bb5+ Nd7 9. O-O O-O 10. Re1 Nb6 11. dxc5 a6 12. cxb6 axb5 13. Qxd8 Rxd8 14. e5
Be6 15. Bg5 Kf8 16. a3 Bc4 17. Be3 Rd5 18. Bd4 f6 19. h3 Kf7 20. exf6 exf6 21.
Nd2 Bd3 22. Re3 Bf5 23. Rae1 Bf8 24. g4 Bc2 25. Nf3 g5 26. R3e2 Bb3 27. Nd2 Bc2
28. Re6 Rd6 29. R6e3 Rc6 30. h4 h6 31. Rc1 Bh7 32. Rh3 Bg6 33. h5 Bh7 34. Ra1
Rxa3 35. Rxa3 Bxa3 36. c4 Bb4 37. Bc3 Bxc3 38. Rxc3 b4 39. Rc1 Rxb6 40. c5 Re6
41. Rc4 Re1+ 42. Kg2 Re2 43. Rd4 Bc2 44. Kf1 Re5 45. Rxb4 Bd3+ 46. Kg2 Rxc5 47.
Rxb7+ Ke6 48. Rb6+ Ke5 49. Nf3+ Kf4 50. Rxf6+ Kxg4 51. Ne1 Be4+ 52. f3+ Bxf3+
53. Nxf3 Rc2+ 54. Kf1 Kxh5 55. Ne5 g4 56. Nf7 Kh4 57. Rxh6+ Kg3 58. Ne5 Rf2+ 59.
Ke1 Rf5 60. Nd3 Kg2 61. Ke2 Rf8 62. Re6 g3 63. Ne1+ Kg1 64. Nf3+ Kg2 65. Nh4+
Kh3 66. Nf3 Kg2 67. Re3 Rf4 68. Ne1+ Kh2 69. Re8 g2 70. Nf3+ Kg3 71. Ng1 Kh2 72.
Nf3+ Kg3 73. Rg8+ Rg4 74. Rxg4+ Kxg4 75. Kf2 g1=Q+ 76. Nxg1 1/2-1/2

[Event "32nd ECC Open 2016"]
[Site "Novi Sad SRB"]
[Date "2016.11.08"]
[Round "3.21"]
[Board "2"]
[White "Berry, Neil"]
[Black "Naumann, Alexander"]
[Result "0-1"]
[WhiteTitle "FM"]
[BlackTitle "GM"]
[WhiteElo "2299"]
[BlackElo "2561"]
[WhiteTeam "Edinburgh Chess Club"]
[BlackTeam "SC MPO Maria Saal"]
[WhiteFideId "2400650"]
[BlackFideId "4623169"]
[EventDate "2016.11.06"]

1. d4 d5 2. c4 c6 3. cxd5 cxd5 4. Bf4 Nc6 5. e3 Nf6 6. Nc3 Bf5 7. Qb3 Na5 8.
Qa4+ Bd7 9. Qc2 e6 10. h3 Rc8 11. a3 Ne4 12. Bd3 Nxc3 13. bxc3 Nc4 14. Ne2 Qa5
15. O-O Ba4 16. Qb1 Qb5 17. e4 Qxb1 18. Rfxb1 b6 19. exd5 exd5 20. Re1 Kd8 21.
Bg5+ f6 22. Bc1 Bd6 23. Bf4 g5 24. Bxd6 Nxd6 25. Rab1 Re8 26. Rec1 Re7 27. Ng3
Rec7 28. Ba6 Rb8 29. Bd3 Be8 30. Nf1 Bd7 31. Ne3 Be6 32. g4 h6 33. f3 Rc6 34.
Bb5 Rc7 35. Bd3 Rf7 36. a4 f5 37. gxf5 Nxf5 38. Bxf5 Bxf5 39. Rb5 Bxh3 40. Rxd5+
Kc7 41. Ng4 Rxf3 42. Ne5 Rf4 43. a5 Rbf8 44. axb6+ axb6 45. Ra1 Rf1+ 46. Rxf1
Rxf1+ 47. Kh2 Be6 48. Rb5 Rf2+ 49. Kg1 Rd2 50. Rb4 g4 51. d5 Rxd5 52. Nc4 Rc5
53. Nxb6 Rxc3 54. Re4 Kd6 55. Na4 Rc2 56. Re3 Bd5 57. Nc3 Bf3 58. Ne4+ Ke5 0-1

[Event "32nd ECC Open 2016"]
[Site "Novi Sad SRB"]
[Date "2016.11.08"]
[Round "3.21"]
[Board "3"]
[White "Kreisl, Robert"]
[Black "Mcgowan, Daniel"]
[Result "1-0"]
[WhiteTitle "IM"]
[WhiteElo "2448"]
[BlackElo "2156"]
[WhiteTeam "SC MPO Maria Saal"]
[BlackTeam "Edinburgh Chess Club"]
[WhiteFideId "1613880"]
[BlackFideId "2401479"]
[EventDate "2016.11.06"]

1. Nf3 Nf6 2. c4 e6 3. g3 d5 4. Bg2 Be7 5. d4 O-O 6. Qc2 c6 7. O-O b6 8. Bg5
Nbd7 9. Nbd2 Bb7 10. Rfd1 c5 11. dxc5 bxc5 12. cxd5 exd5 13. Qb3 Qb6 14. Nh4
Rfe8 15. Nc4 dxc4 16. Qxb6 Nxb6 17. Bxb7 Rab8 18. Bc6 Rec8 19. Nf5 Kf8 20. Bf4
Rxc6 21. Bxb8 g6 22. Nxe7 Kxe7 23. Rac1 Nfd7 24. Bf4 Re6 25. Be3 Rc6 26. b3 f6
27. bxc4 Ne5 28. f4 Nexc4 29. Bf2 Ke8 30. Rc2 1-0

[Event "32nd ECC Open 2016"]
[Site "Novi Sad SRB"]
[Date "2016.11.08"]
[Round "3.21"]
[Board "4"]
[White "Kafka, Graeme"]
[Black "Halvax, Georg"]
[Result "0-1"]
[BlackTitle "FM"]
[WhiteElo "2061"]
[BlackElo "2373"]
[WhiteTeam "Edinburgh Chess Club"]
[BlackTeam "SC MPO Maria Saal"]
[WhiteFideId "2401487"]
[BlackFideId "1619543"]
[EventDate "2016.11.06"]

1. e4 g6 2. d4 Bg7 3. Nc3 d6 4. Nf3 Nf6 5. Bd3 O-O 6. O-O Nc6 7. h3 e5 8. d5 Ne7
9. Bg5 c6 10. dxc6 bxc6 11. Qd2 Be6 12. Bh6 Qc7 13. Rfe1 Rab8 14. b3 Nh5 15.
Rad1 Rbd8 16. Bxg7 Kxg7 17. Ng5 Bc8 18. Bc4 Nf4 19. Ne2 d5 20. Nxf4 dxc4 21. Qc3
Kh6 22. Rxd8 Qxd8 23. Qg3 Nf5 24. exf5 Qxg5 25. Rxe5 Qxg3 26. fxg3 Bxf5 27. g4
Bxc2 28. g5+ Kg7 29. Re7 cxb3 30. axb3 Bxb3 31. Rxa7 Rc8 32. Rb7 Bc4 33. Kf2 c5
34. Ke3 h6 35. gxh6+ Kxh6 36. h4 Rc6 37. Kd2 g5 38. hxg5+ Kxg5 39. g3 Kf5 40.
Kc3 Ba6 41. Rb8 Kg4 42. Rg8+ Kf3 43. Rg5 c4 44. Nd5 Re6 45. Rf5+ Ke4 46. g4 Rh6
47. Nf6+ Ke3 48. Nd5+ Ke2 49. Rxf7 Rh3+ 50. Kc2 Rg3 51. Re7+ Kf2 52. Rf7+ Kg2
53. Rc7 Bb5 54. Ne3+ Rxe3 0-1

[Event "32nd ECC Open 2016"]
[Site "Novi Sad SRB"]
[Date "2016.11.08"]
[Round "3.21"]
[Board "5"]
[White "Ertl, Johann"]
[Black "White, Alastair F"]
[Result "1/2-1/2"]
[WhiteTitle "FM"]
[WhiteElo "2306"]
[BlackElo "2078"]
[WhiteTeam "SC MPO Maria Saal"]
[BlackTeam "Edinburgh Chess Club"]
[WhiteFideId "1613626"]
[BlackFideId "2402041"]
[EventDate "2016.11.06"]

1. e4 e5 2. Nf3 Nc6 3. Bc4 Nf6 4. d3 Bc5 5. c3 d6 6. Nbd2 a6 7. Bb3 Qe7 8. h3 h6
9. Nf1 Be6 10. Ng3 d5 11. Qe2 dxe4 12. dxe4 Nd7 13. O-O O-O 14. Bxe6 fxe6 15. b4
Bd6 16. Be3 Rf7 17. Nd2 Nf8 18. Qc4 Ng6 19. Ne2 Nf4 20. Bxf4 exf4 21. Nf3 Ne5
22. Nxe5 Bxe5 23. f3 Rd8 24. Rfd1 Rd6 25. Qb3 Rf6 26. Rxd6 cxd6 27. Qd1 Rg6 28.
Rc1 Qh4 29. Kh1 Qf2 30. Qf1 Qe3 31. Qe1 d5 32. exd5 exd5 33. Rd1 Rc6 34. Qd2
Qxd2 35. Rxd2 Bxc3 36. Nxc3 Rxc3 37. Rxd5 Rc1+ 38. Kh2 Rc7 39. Rd4 g5 40. h4 Kf8
41. Kh3 Ke7 42. Rd5 Ke6 43. Rd8 Ke5 44. Rd2 Rc4 45. b5 axb5 46. hxg5 hxg5 47.
Kg4 Kf6 48. Rd6+ Ke5 49. Rb6 Rc2 50. Rxb5+ Kf6 51. Rb6+ Ke5 52. Rb5+ Kf6 53.
Rf5+ Ke6 54. Kxg5 Rxg2+ 55. Kxf4 Rxa2 56. Rb5 Ra7 57. Kg5 Kd6 58. f4 Kc6 59. Rb1
b5 60. f5 Kc5 61. f6 Kc4 62. Kg6 Ra6 63. Kg7 Ra7+ 64. f7 b4 65. Kg8 Rxf7 66.
Kxf7 b3 67. Ke6 Kc3 68. Kd5 Kc2 69. Rh1 b2 70. Kc4 b1=Q 71. Rxb1 Kxb1 1/2-1/2

[Event "32nd ECC Open 2016"]
[Site "Novi Sad SRB"]
[Date "2016.11.08"]
[Round "3.21"]
[Board "6"]
[White "Antunes, Andre"]
[Black "Rieger, Robert"]
[Result "0-1"]
[BlackTitle "FM"]
[WhiteElo "1987"]
[BlackElo "2287"]
[WhiteTeam "Edinburgh Chess Club"]
[BlackTeam "SC MPO Maria Saal"]
[WhiteFideId "1903292"]
[BlackFideId "1625527"]
[EventDate "2016.11.06"]

1. d4 d5 2. c4 c6 3. cxd5 cxd5 4. Nc3 Nc6 5. Bf4 Nf6 6. e3 a6 7. Nf3 Bg4 8. Be2
e6 9. O-O Be7 10. a3 Rc8 11. Rc1 O-O 12. Ne5 Bxe2 13. Qxe2 Nxe5 14. Bxe5 Nd7 15.
Bg3 Qa5 16. Nb1 Qa4 17. Bc7 Nc5 18. Bb6 Nb3 19. Rc7 Rxc7 20. Bxc7 Rc8 21. Be5
Qc6 22. Nd2 Qc2 23. Qg4 Bf8 24. Nf3 Nd2 25. Ng5 Nxf1 26. Kxf1 Qc1+ 27. Ke2 Rc2+ 0-1

[Event "32nd ECC Open 2016"]
[Site "Novi Sad SRB"]
[Date "2016.11.08"]
[Round "3.22"]
[Board "1"]
[White "Houriez, Clement"]
[Black "Theodorou, Nikolas"]
[Result "1-0"]
[WhiteTitle "FM"]
[WhiteElo "2335"]
[BlackElo "2481"]
[WhiteTeam "Cercle d'Echecs Fontainois"]
[BlackTeam "Chania Chess Academy"]
[WhiteFideId "649708"]
[BlackFideId "4262875"]
[EventDate "2016.11.06"]

1. d4 Nf6 2. c4 d6 3. Nf3 g6 4. g3 Bg7 5. Bg2 O-O 6. O-O Nbd7 7. Nc3 e5 8. e4
exd4 9. Nxd4 Re8 10. Rb1 Nc5 11. Re1 a5 12. h3 Nfd7 13. Be3 Ne5 14. b3 Bd7 15.
Re2 Nc6 16. Ndb5 Na7 17. Bd4 Nxb5 18. cxb5 Bxd4 19. Qxd4 Ne6 20. Qd2 Rc8 21. e5
dxe5 22. Rxe5 Qf6 23. Rd5 Nf8 24. Ne4 Rxe4 25. Bxe4 Bxh3 26. Qxa5 Ne6 27. Qd2 c6
28. bxc6 bxc6 29. Rc1 Rc7 30. Rd6 Qe5 31. Re1 Qc5 32. Rxe6 1-0

[Event "32nd ECC Open 2016"]
[Site "Novi Sad SRB"]
[Date "2016.11.08"]
[Round "3.22"]
[Board "2"]
[White "Papadopoulos, Argirios"]
[Black "Wantiez, Fabrice"]
[Result "0-1"]
[WhiteTitle "FM"]
[BlackTitle "FM"]
[WhiteElo "2194"]
[BlackElo "2315"]
[WhiteTeam "Chania Chess Academy"]
[BlackTeam "Cercle d'Echecs Fontainois"]
[WhiteFideId "4241509"]
[BlackFideId "202274"]
[EventDate "2016.11.06"]

1. e4 e5 2. Nf3 Nc6 3. Bb5 a6 4. Ba4 d6 5. O-O Bd7 6. c3 Nge7 7. d4 Ng6 8. d5
Nb8 9. c4 Be7 10. Bxd7+ Nxd7 11. Nc3 h6 12. g3 Bg5 13. Ne1 Bxc1 14. Rxc1 O-O 15.
Nd3 Qg5 16. Kh1 f5 17. exf5 Qxf5 18. Qe2 Rae8 19. Ne4 Nf6 20. f3 Re7 21. Ndf2
Nd7 22. Ng4 Ref7 23. b4 Ne7 24. Qd3 Qg6 25. c5 h5 26. cxd6 cxd6 27. Rc7 hxg4 28.
Rxd7 Rxf3 29. Rxf3 gxf3 30. Rxe7 f2 31. Nxf2 Qf6 32. Rc7 Qxf2 33. Qd1 Qf5 34.
Rc2 Qe4+ 35. Kg1 Qxb4 36. h4 e4 37. Kh2 e3 38. Qh5 Qe4 39. Rc7 Rf2+ 40. Kh3 Qh1+
41. Kg4 Qd1+ 42. Kg5 Rf5+ 43. Kxf5 Qxh5+ 44. Ke6 Qe5+ 45. Kd7 e2 0-1

[Event "32nd ECC Open 2016"]
[Site "Novi Sad SRB"]
[Date "2016.11.08"]
[Round "3.22"]
[Board "3"]
[White "Herman, Jean"]
[Black "Liodakis, Konstantinos-Spyros"]
[Result "1-0"]
[WhiteElo "2237"]
[BlackElo "2175"]
[WhiteTeam "Cercle d'Echecs Fontainois"]
[BlackTeam "Chania Chess Academy"]
[WhiteFideId "263036"]
[BlackFideId "4217136"]
[EventDate "2016.11.06"]

1. d4 e6 2. c4 Nf6 3. Nf3 Bb4+ 4. Bd2 Qe7 5. Qc2 O-O 6. g3 Bxd2+ 7. Nbxd2 d6 8.
Bg2 e5 9. O-O e4 10. Ng5 e3 11. Nde4 Nxe4 12. Nxe4 Nc6 13. Rad1 exf2+ 14. Rxf2
Bg4 15. Nc3 Rae8 16. Qd2 Nd8 17. Re1 c6 18. e3 Ne6 19. h3 Bh5 20. b4 f5 21. d5
Nd8 22. dxc6 bxc6 23. b5 c5 24. Qd5+ Bf7 25. Qd3 Qg5 26. Kh2 Bg6 27. h4 Qe7 28.
Nd5 Qd7 29. Nf4 Bf7 30. Rd2 Re5 31. a4 Rfe8 32. a5 Qc7 33. a6 Qa5 34. Ree2 Kh8
35. Nd5 Bxd5 36. Bxd5 Ne6 37. Bg2 Rd8 38. Rf2 g6 39. Ra2 Qb6 40. Qc3 Ng7 41. Bf3
Rde8 42. Qa5 Qb8 43. Rab2 d5 44. b6 Rxe3 45. bxa7 Qd6 46. Qb6 Qe7 47. Qb8 f4 48.
Rb7 fxg3+ 49. Qxg3 Qf6 50. Bxd5 Nf5 51. Qg5 Qxa6 52. Rxf5 Re2+ 53. Kh3 R8e3+ 54.
Rf3 Rxf3+ 55. Bxf3 Qe6+ 56. Qg4 1-0

[Event "32nd ECC Open 2016"]
[Site "Novi Sad SRB"]
[Date "2016.11.08"]
[Round "3.22"]
[Board "4"]
[White "Tsarouhas, Konstantinos"]
[Black "Mastalerz, Xavier"]
[Result "1-0"]
[WhiteElo "2121"]
[BlackElo "2231"]
[WhiteTeam "Chania Chess Academy"]
[BlackTeam "Cercle d'Echecs Fontainois"]
[WhiteFideId "4201094"]
[BlackFideId "208310"]
[EventDate "2016.11.06"]

1. c4 Nf6 2. Nc3 e6 3. e4 d5 4. e5 Ne4 5. Nf3 Nc6 6. Be2 Be7 7. d4 O-O 8. O-O f6
9. exf6 Bxf6 10. Be3 Nxc3 11. bxc3 Ne7 12. Bg5 Ng6 13. Qd2 Bxg5 14. Qxg5 Qxg5
15. Nxg5 Nf4 16. Rfe1 Nxe2+ 17. Rxe2 dxc4 18. Rae1 Rf5 19. h4 h6 20. Nxe6 Bxe6
21. Rxe6 Raf8 22. R1e2 c5 23. dxc5 Rxc5 24. R2e4 Rf7 25. Rd4 Rc8 26. a4 Rfc7 27.
f3 Kf7 28. Re5 Kf6 29. Rdd5 Kf7 30. Kf2 Kg8 31. h5 Rc6 32. a5 b6 33. a6 Kh7 34.
Re7 R8c7 35. Rxc7 Rxc7 36. Ke3 g6 37. g4 gxh5 38. gxh5 Kg7 39. Kd4 Kf6 40. f4
Ke6 41. Ke4 Rc6 42. f5+ Kf6 43. Kf4 b5 44. Rxb5 Rxa6 45. Rc5 Rb6 46. Rxc4 a5 47.
Rc8 Ra6 48. Rg8 Kf7 49. Rg6 Ra8 50. Rxh6 a4 51. Rd6 a3 52. Rd1 a2 53. Ra1 Kf6
54. h6 Ra3 55. Kg4 Ra8 56. c4 Ra5 57. c5 Ra4+ 58. Kh5 Re4 59. h7 Kg7 60. h8=Q+
Kxh8 61. Kg6 Kg8 62. c6 Re3 63. c7 Rg3+ 64. Kf6 Rc3 65. Rxa2 Rc6+ 66. Kg5 Rxc7
67. Kg6 Rg7+ 68. Kf6 Rf7+ 69. Ke6 Rb7 70. Ra8+ Kg7 71. f6+ Kh7 72. f7 Rb6+ 73.
Kd5 1-0

[Event "32nd ECC Open 2016"]
[Site "Novi Sad SRB"]
[Date "2016.11.08"]
[Round "3.22"]
[Board "5"]
[White "Allaert, Dimitri"]
[Black "Georgakopoulos, Nikolaos K."]
[Result "1-0"]
[WhiteElo "2135"]
[BlackElo "2025"]
[WhiteTeam "Cercle d'Echecs Fontainois"]
[BlackTeam "Chania Chess Academy"]
[WhiteFideId "209384"]
[BlackFideId "4283430"]
[EventDate "2016.11.06"]

1. e4 g6 2. d4 Bg7 3. Nc3 c6 4. Nf3 d6 5. Be3 Nf6 6. h3 O-O 7. Qd2 Qc7 8. Bd3
Nbd7 9. O-O b5 10. a4 b4 11. Ne2 c5 12. c3 c4 13. Bb1 b3 14. Bh6 Bxh6 15. Qxh6
e5 16. Ng3 Bb7 17. Ng5 Rae8 18. d5 Qc5 19. Re1 Qa5 20. Re3 Kh8 21. Nf5 gxf5 22.
Rg3 Qd8 23. Nxh7 1-0

[Event "32nd ECC Open 2016"]
[Site "Novi Sad SRB"]
[Date "2016.11.08"]
[Round "3.22"]
[Board "6"]
[White "Vozinaki, Anthi - Maria"]
[Black "Pierard, Florian"]
[Result "0-1"]
[WhiteElo "1870"]
[BlackElo "2101"]
[WhiteTeam "Chania Chess Academy"]
[BlackTeam "Cercle d'Echecs Fontainois"]
[WhiteFideId "4263898"]
[BlackFideId "263532"]
[EventDate "2016.11.06"]

1. e4 e6 2. d4 d5 3. Nd2 Nf6 4. e5 Nfd7 5. Bd3 c5 6. c3 Nc6 7. Ne2 Qb6 8. Nf3
cxd4 9. cxd4 f6 10. exf6 Nxf6 11. Nc3 Bd6 12. O-O O-O 13. Be3 a6 14. a3 Qc7 15.
Rc1 Bd7 16. h3 Rae8 17. Bb1 Re7 18. Re1 Be8 19. Ne5 Qd8 20. Bg5 Qb8 21. Ng4 Bf4
22. Nxf6+ gxf6 23. Bxf4 Qxf4 24. Ne2 Qh4 25. Qd2 Qg5 26. Qxg5+ fxg5 27. Ba2 Bg6
28. Rcd1 Kf7 29. Nc1 Ke8 30. Re3 Kd7 31. Nd3 Bxd3 32. Rexd3 Kd6 33. Kf1 Rc7 34.
Ke2 Na5 35. Rg3 Rc2+ 36. Rd2 Rxf2+ 37. Kxf2 Rxd2+ 38. Ke3 Rxb2 39. Bxd5 exd5 40.
Rxg5 Nc4+ 41. Kd3 Rb3+ 42. Kc2 Rxa3 43. Rg7 Kc6 44. h4 h5 45. Rg6+ Nd6 46. Rg5
a5 47. Kb2 Rd3 48. Rxh5 Rxd4 49. Rh6 Re4 50. Kb3 b5 51. h5 Rg4 0-1